The world of minerals [translated from the Italian] (Record no. 546056)

000 -LEADER
fixed length control field 00724cam a2200193 4500
020 ## - INTERNATIONAL STANDARD BOOK NUMBER
International Standard Book Number 0856130001
082 00 - DEWEY DECIMAL CLASSIFICATION NUMBER
Classification number 622
Author Mark MIC
-- L-16, P-56
100 1# - MAIN ENTRY--PERSONAL NAME
Personal name De Michele, Vincenzo.
9 (RLIN) 42074
245 14 - TITLE STATEMENT
Title The world of minerals [translated from the Italian]
Statement of responsibility, etc. with a foreword by G. F. Claringbull; photographs by Carlo Bevilacqua.
260 ## - PUBLICATION, DISTRIBUTION, ETC.
Place of publication, distribution, etc. London,
Name of publisher, distributor, etc. Orbis Publishing Ltd,
Date of publication, distribution, etc. 1972.
300 ## - PHYSICAL DESCRIPTION
Extent [8], 128 p.
Other physical details chiefly illus. (chiefly col.).
Dimensions 31 cm.
490 0# - SERIES STATEMENT
Series statement The World of nature
500 ## - GENERAL NOTE
General note New ed. published in 1976 under title: Minerals, their beauty and structure.
500 ## - GENERAL NOTE
General note Translation of Minerali.
526 ## - STUDY PROGRAM INFORMATION NOTE
Program name 0
Interest level 0
Reading level 0
Title point value 622_000000000000000_MIC
650 #0 - SUBJECT ADDED ENTRY--TOPICAL TERM
Topical term or geographic name entry element MCE
9 (RLIN) 379
650 #0 - SUBJECT ADDED ENTRY--TOPICAL TERM
Topical term or geographic name entry element Mineralogy.
942 ## - ADDED ENTRY ELEMENTS (KOHA)
Source of classification or shelving scheme
Koha item type Book
Holdings
Withdrawn status Lost status Source of classification or shelving scheme Damaged status Not for loan Permanent Location Current Location Date acquired Total Checkouts Full call number Barcode Date last seen Price effective from Koha item type
          Military College of Engineering (MCE) Military College of Engineering (MCE) 06/02/2014   622 MIC MCE-3625 06/02/2014 06/02/2014 Book
© 2023 Central Library, National University of Sciences and Technology. All Rights Reserved.